Finite mathematics with applications

Збережено в:
Бібліографічні деталі
Автори: Goodman, A. W (Автор), Ratti, J. S (Автор)
Формат: Книга
Мова:Англійська
Опубліковано: Nueva York MacMillan 1975
Редагування:2a. ed
Предмети:
Теги: Додати тег
Немає тегів, Будьте першим, хто поставить тег для цього запису!

MARC

LEADER 00000nam a2200000 a 4500
001 UCQ8715
003 CL-VaPUC
008 981217e19750000US |||||||||||||||||eng|d
082 0 4 |a 510  |b GOO  |2 21 
100 |a Goodman, A. W  |e author  |9 422847 
700 0 |a Ratti, J. S  |e author  |9 422848 
245 1 0 |a Finite mathematics with applications 
250 |a 2a. ed 
300 |a 541 p 
942 |c BK 
945 |d 19981217 00:00:00  |a cmena 
260 |a Nueva York  |b MacMillan  |c 1975 
650 0 |a Matemáticas finitas  |9 269996 
650 0 |a Lógica matemática   |9 262442 
650 0 |a Álgebra  |9 259567 
650 0 |a Teoría de conjuntos   |9 265668 
650 7 |a TEOREMAS  |2 CL-VaPUC  |9 350068 
650 0 |a Probabilidades   |9 260199 
650 0 |a Vectores  |9 317184 
650 0 |a Matrices   |9 22 
650 0 |a Programación lineal   |9 23 
650 0 |a Teoría de juegos  |9 263826 
650 0 |a Matemática aplicada   |9 260236 
650 0 |a Ciencias sociales   |9 256351 
650 0 |a Teoría de grafos  |9 269886 
650 0 |a Funciones (Matemáticas)  |9 338128 
650 7 |a INDUCCION MATEMATICA  |2 CL-VaPUC  |9 422849 
583 |a last modification  |c 19981217 00:00:00  |k Rodrigo Vera 
999 |c 277899  |d 277897